Official Language of Non-Recognized Countries and Territories - Statistics

General Stats
  • This quiz has been taken 274 times
  • The average score is 20 of 30
Answer Stats
Territory Official Language % Correct
Most of British and AmericanOverseas Territories English
100%
Most of French Departments andOverseas Territories French
99%
Aruba, Caribbean Netherlands,Curaçao, Sint Maarten Dutch
97%
Palestine, Western Sahara Arabic
96%
Abkhazia, Artsakh, South Ossetia,Transnistria Russian
95%
Hong Kong, Macau Cantonese /Mandarin
94%
Puerto Rico Spanish
94%
Northern Cyprus Turkish
94%
Faroe Islands Danish
93%
Macau Portuguese
88%
Somaliland Somali
87%
American Samoa Samoan
82%
Svalbard and Jan Mayen Norwegian
81%
Transnistria Romanian
81%
Transnistria Ukrainian
80%
Abkhazia Abkhaz
77%
Artsakh Armenian
76%
South Ossetia Ossetian
73%
Faroe Islands Faroese
71%
Greenland Greenlandic
67%
Isle of Man Manx
61%
Cook Islands Cook Islands Māori
55%
Niue Niuean
44%
Tokelau Tokelauan
44%
Aruba and Curaçao Papiamento
23%
Pitcairn Islands Pitkern
23%
Guam, Northern Mariana Island Chamorro
20%
Jersey Jèrriais
20%
Northern Mariana Island Carolinian
11%
Norfolk Island Norfuk
10%
No matching quizzes found
Score Distribution
Percent of People with Each Score
Percentile by Number Answered
Your Score History
You have not taken this quiz